A dictionary of ecology, evolution and systematics/ (Registro nro. 4350)

Detalles MARC
000 -CABECERA
Campo de control 00837nam a2200265 a 4500
005 - FECHA Y HORA DE LA ULTIMA TRANSACCION
Campo de control 20160202095010.0
008 - ELEMENTOS DE LONGITUD FIJA—INFORMACION GENERAL
Campo de control 160202b1997 xxu||||| |||| 00| 0 spa d
020 ## - ISBN
ISBN 0521591392
040 ## - FUENTE DE CATALOGACIÓN
Agencia catalogadora original CO-BoIAVH
Agencia transcriptora CO-BoIAVH
041 ## - IDIOMA
Código de idioma para texto/pista de sonido o título separado Inglés
044 ## - PAÍS DE PUBLICACIÓN
País de publicación Estados Unidos
082 14 - NUMERO DE CLASIFICACION DECIMAL DEWEY
Número de clasificación 570.3
Número del ítem L73d
090 ## - CLASIFICACIÓN LOCAL
Colección RE
Consecutivo 00030
100 1# - ASIENTO PRINCIPAL--NOMBRE PERSONAL
Nombre personal Lincoln, Roger
9 (RLIN) 56402
245 12 - MENCION DE TITULO
Título A dictionary of ecology, evolution and systematics/
Mención de responsabilidad Roger Lincoln, Geoff Boxshal y Paul Clark
250 ## - MENCION DE EDICION
Mención de edición 2 edición.
260 ## - PUBLICACION, DISTRIBUCION, ETC. (PIE DE IMPRENTA)
Lugar de publicación, distribución, etc. Cambridge:
Nombre del editor, distribuidor, etc. Cambridge University Press,
Fecha de publicación, distribución, etc. 1997.
300 ## - DESCRIPCION FISICA
Extensión 361 páginas.
650 16 - ASIENTO SECUNDARIO DE MATERIA - TERMINO TEMATICO
Término temático o nombre geográfico como elemento de entrada Ecología
Subdivisión de forma diccionarios
9 (RLIN) 56403
650 16 - ASIENTO SECUNDARIO DE MATERIA - TERMINO TEMATICO
Término temático o nombre geográfico como elemento de entrada Evolución (biología)
Subdivisión de forma diccionarios
9 (RLIN) 56404
650 16 - ASIENTO SECUNDARIO DE MATERIA - TERMINO TEMATICO
Término temático o nombre geográfico como elemento de entrada Biología
Subdivisión de forma diccionarios
Subdivisión general clasificación
9 (RLIN) 56405
700 1# - ASIENTO SECUNDARIO - NOMBRE PERSONAL
Nombre personal Boxshall, Geoff
9 (RLIN) 56406
700 1# - ASIENTO SECUNDARIO - NOMBRE PERSONAL
Nombre personal Clark, Paul
9 (RLIN) 56407
942 ## - ELEMENTOS ADICIONALES (KOHA)
Tipo de ítem Libro
Sistema de clasificación Dewey Decimal Classification
Existencias
Withdrawn status Lost status Sistema de Clasificación Damaged status No para préstamo Colección Inventariado Ubicación Permanente Ubicación actual Fecha de adquisición Fuente de Valor Valor Total Checkouts Número topográfico Inventario / Código de Barras Date last seen Ejemplar Price effective from Forma de adquisición Tipo de material
    Dewey Decimal Classification     General Inventariado 2017 Bogotá Bogotá 25/02/2005 Instituto 39000.00   LB-570.3 L73d 017398 04/12/2012 Ej. 1 04/12/2012 Compra Libro